Morphology of seed-plants /

Bibliographic Details
Main Author: Guédès, Michel
Format: Book
Language:English
Published: Vaduz : J. Cramer, 1979.
Series:Plant science (J. Cramer) ; 2.
Subjects:

MARC

Tag First Indicator Second Indicator Subfields
LEADER 00000cam a2200000 i 4500
001 in00000021096
005 20151007060952.0
008 800110s1979 gw a b 00110 eng
010 |a  79322746  
015 |a GFR*** 
020 |a 3768211959 
035 |a (OCoLC)05537441 
035 |9 AAD0705AM 
040 |a DLC  |c DLC  |d TXA  |d UtOrBLW 
049 |a TXAM  |c [1383682] 
050 0 0 |a QK641  |b .G83 
082 0 |a 582/.04 
090 |a QK641  |b .G83 1979a 
100 1 |a Guédès, Michel. 
245 1 0 |a Morphology of seed-plants /  |c by Michel Guedes. 
264 1 |a Vaduz :  |b J. Cramer,  |c 1979. 
300 |a 326 pages :  |b illustrations ;  |c 20 cm. 
336 |a text  |b txt  |2 rdacontent 
337 |a unmediated  |b n  |2 rdamedia 
338 |a volume  |b nc  |2 rdacarrier 
490 1 |a Plant science ; 2 
500 |a Includes index. 
504 |a Bibliography: pages 253-301. 
650 0 |a Plant morphology. 
650 0 |a Phanerogams. 
830 0 |a Plant science (J. Cramer) ;  |v 2. 
999 |a MARS 
999 f f |s 628d9d6f-afc4-3b5e-952a-e0d501923713  |i fc377167-6b13-357b-9b2b-42b26e59ed89  |t 0 
952 f f |p ric  |a Texas A&M University  |b Rellis Campus  |c Joint Library Facility  |d Remote Storage  |t 0  |e QK641 .G83 1979a  |h Library of Congress classification  |i unmediated -- volume  |m A14804897977 
998 f f |a QK641 .G83 1979a  |t 0  |l Remote Storage